书目信息 |
| 题名: |
风流时代三部曲
|
|
| 作者: | 洪三泰 著 | |
| 分册: | 第三部 又见风花雪月 | |
| 出版信息: | 广州 花城出版社 2000.04 |
|
| 页数: | 502页 | |
| 开本: | 32开 | |
| 丛书名: | ||
| 单 册: | ||
| 中图分类: | I247.5 | |
| 科图分类: | ||
| 主题词: | 小说--中国 | |
| 电子资源: | ||
| ISBN: | 7-5360-3249-8 | |
| 000 | 00582nam0 2200193 45 | |
| 001 | 0011061897 | |
| 005 | 20100401151110.89 | |
| 010 | @a7-5360-3249-8@d22.80元 | |
| 100 | @a20001106d2000 km y0chiy0120 ea | |
| 101 | 0 | @achi |
| 200 | 1 | @a风流时代三部曲@Afeng liu shi dai san bu qu@h第三部@i又见风花雪月@f洪三泰著@FHong San Tai Zhu |
| 210 | @a广州@c花城出版社@d2000.04 | |
| 215 | @a502页@d32开 | |
| 517 | 1 | @a又见风花雪月@Ayou jian feng hua xue yue |
| 606 | 0 | @a小说@x中国 |
| 690 | @aI247.5@v3 | |
| 701 | 0 | @a洪三泰@4著 |
| 801 | @aCN@c20100401 | |
| 905 | @b199607-616@dI247.5@eH820:3@f10 | |
| 风流时代三部曲.第三部.又见风花雪月/洪三泰著.-广州:花城出版社,2000.04 |
| 502页;32开 |
| ISBN 7-5360-3249-8:22.80元 |
| ● |
| 相关链接 |
|
|
|
正题名:风流时代三部曲
索取号:I247.5/H820:3
 
预约/预借
| 序号 | 登录号 | 条形码 | 馆藏地/架位号 | 状态 | 备注 |
| 1 | 199607 | 201996073 | 社科二线422/422社科库 12排2列1层/ [索取号:I247.5/H820:3] | 在馆 | |
| 2 | 199608 | 201996082 | 社科二线422/422社科库 12排2列1层/ [索取号:I247.5/H820:3] | 在馆 | |
| 3 | 199609 | 201996091 | 文学库108/ [索取号:I247.5/H820:3] | 在馆 | |
| 4 | 199610 | 201996108 | 文学库108/ [索取号:I247.5/H820:3] | 在馆 | |
| 5 | 199611 | 201996117 | 社科二线400B/400B社科库 16排1列5层/ [索取号:I247.5/H820:3] | 在馆 | |
| 6 | 199612 | 201996126 | 社科二线422/422社科库 12排2列1层/ [索取号:I247.5/H820:3] | 在馆 | |
| 7 | 199613 | 201996135 | 社科二线422/422社科库 12排2列1层/ [索取号:I247.5/H820:3] | 在馆 | |
| 8 | 199614 | 201996144 | 文学库108/ [索取号:I247.5/H820:3] | 在馆 | |
| 9 | 199615 | 201996153 | 社科二线422/422社科库 12排2列1层/ [索取号:I247.5/H820:3] | 在馆 | |
| 10 | 199616 | 201996162 | 社科二线422/422社科库 12排2列1层/ [索取号:I247.5/H820:3] | 在馆 | |
| 11 | 410756 | 204107563 | 社科二线422/422社科库 12排2列1层/ [索取号:I247.5/H820:3] | 在馆 | |
| 12 | 410757 | 204107572 | 文学库108/ [索取号:I247.5/H820:3] | 在馆 | |
| 13 | 410758 | 204107581 | 文学库108/ [索取号:I247.5/H820:3] | 在馆 | |
| 14 | 460616 | 204606168 | 社科二线422/422社科库 12排2列1层/ [索取号:I247.5/H820:3] | 在馆 |